Städte mit B nach Bild - Statistiken

Allgemein
  • Dieses Quiz wurde 320 mal gespielt
  • Das Durchschnittsergebnis liegt bei 12 aus 20
Antwortstatistiken
Bildquiz Hint Antwort % Korrekt
Europa B{erlin}
92%
Europa B{remen}
87%
Europa B{aden}-B{aden}
86%
Europa B{ern}
84%
Europa B{udapest}
81%
Südamerika B{uenos} A{ires}
80%
Nordamerika B{oston}
78%
Europa B{arcelona}
74%
Europa B{ochum}
66%
Asien B{angkok}
64%
Südamerika B{rasilia}
63%
Europa B{ergen}
58%
Ozeanien B{risbane}
55%
Europa B{ilbao}
44%
Europa B{rügge}
44%
Afrika B{loemfontein}
36%
Asien B{aku}
30%
Europa B{righton}
26%
Asien B{eirut}
20%
Asien B{angalore}
15%
Keine übereinstimmenden Quizze gefunden
Verteilung der Resultate
Anzahl Personen mit jedem Resultat
Perzentil nach korrekt beantworteten Fragen
Ihre Resultats-Entwicklung
Sie haben dieses Quiz noch nicht gespielt